Acción tutorial y orientación: aceptación, compromiso, valores. Una propuesta de estilo para la intervención de tutores y orientadores

Gorde:
Xehetasun bibliografikoak
Egile nagusia: Alvarez, Ramiro J (Egilea)
Formatua: Liburua
Hizkuntza:gaztelania
Argitaratua: Bilbao Desclée de Brouwer S. A 2014
Edizioa:1a. ed
Gaiak:
Etiketak: Etiketa erantsi
Etiketarik gabe, Izan zaitez lehena erregistro honi etiketa jartzen!

MARC

LEADER 00000cam a2200000 a 4500
001 UCE1607
003 CL-VaPUC
008 140502e20140000sp |||||||||||||||||spa|d
020 |a 9788433026859 
082 0 4 |a 370.114  |b ALV  |2 21 
100 0 |a Alvarez, Ramiro J  |e author  |9 573946 
245 1 0 |a Acción tutorial y orientación: aceptación, compromiso, valores. Una propuesta de estilo para la intervención de tutores y orientadores 
250 |a 1a. ed 
300 |a 183 p 
942 |c BK 
945 |d 20140502 10:02:00  |a dcastane 
260 |a Bilbao  |b Desclée de Brouwer S. A  |c 2014 
650 0 |a Educación moral  |9 308319 
650 0 |a Valores morales   |9 310604 
650 7 |a ORIENTACION EDUCACIONAL  |2 CL-VaPUC  |9 312512 
583 |a last modification  |c 20170912 12:22:33  |k Rodrigo Vera 
999 |c 355347  |d 355345 
952 |0 0  |1 0  |3 erb  |4 0  |6 370_114000000000000_ALV_2014  |7 0  |8 A  |9 462032  |a BIBTEO  |b BIBTEO  |i 5071623  |o 370.114 ALV 2014  |p 5071623  |r 2025-01-17  |w 2019-11-23  |y BK  |z Catalogado en:20140502  |k ICR